Normal view
MARC view
- Hombre prehistórico
Entry Materia
001 - NÚMERO DE CONTROL DEL REGISTRO
- campo de control: 4080
003 - IDENTIFICADOR DE NUMERO DE CONTROL
- campo de control: UPN
005 - FECHA Y HORA DE LA ÚLTIMA TRANSACCIÓN
- campo de control: 20240213151721.0
008 - DATOS DE LONGITUD FIJA
- campo de control de longitud fija: 240213na|acnnnbabn | |na |d
035 ## - NÚMERO DE CONTROL DEL SISTEMA
- Número de control del sistema: UPN10000004080
040 ## - FUENTE DE LA CATALOGACIÓN
- Lengua de catalogación: spa
- Centro catalogador de origen: MX-MxUPN
150 ## - ENCABEZAMIENTO - TEMÁTICO
- Término de materia o nombre geográfico como elemento inicial: Hombre prehistórico
- Subdivisión de forma: Novela
670 ## - FUENTE EN LA QUE SE LOCALIZARON DATOS
- Cita de la fuente: Escamilla Gonzalez, G. LEM, 1978:
- Información localizada: página 427(Hombre prehistórico)
902 ## - CATALOGADOR
- Catalogador: MEEG/300506
